Top 5 European Leagues Top Scorers: 2022/23 - Statistics

General Stats
  • This quiz has been taken 10 times
  • The average score is 17 of 28
Answer Stats
League Goals Club Nationality Player % Correct
Premier League 36 Manchester City Norway Erling Haaland
100%
Premier League 30 Tottenham England Harry Kane
100%
La Liga 19 Real Madrid France Karim Benzema
100%
Premier League 19 Liverpool Egypt Mohamed Salah
100%
La Liga 23 Barcelona Poland Robert Lewandowski
100%
Ligue 1 29 PSG France Kylian Mbappe
90%
Serie A 21 Inter Argentina Lautaro Martinez
90%
Serie A 15 Milan Portugal Rafael Leao
90%
Serie A 26 Napoli Nigeria Victor Osimhen
90%
Serie A 13 Atalanta Nigeria Ademola Lookman
80%
Serie A 13 Milan France Olivier Giroud
80%
Ligue 1 27 Lyon France Alexandre Lacazette
70%
Ligue 1 24 Lille Canada Jonathan David
70%
Bundesliga 14 Bayern Munich Germany Serge Gnabry
70%
Premier League 18 Newcastle England Callum Wilson
60%
Bundesliga 15 Eintracht Frankfurt France Randal Kolo Muani
60%
Bundesliga 16 Leipzig France Christopher Nkunku
50%
Premier League 20 Brentford England Ivan Toney
50%
Ligue 1 21 Lens Belgium Lois Openda
50%
Bundesliga 16 Werder Bremen Germany Niclas Fullkrug
50%
La Liga 15 Real Betis Spain Borja Iglesias
40%
La Liga 15 Mallorca Kosovo Vedat Muriqi
40%
Bundesliga 15 Freiburg Italy Vincenzo Grifo
40%
Serie A 16 Salernitana Senegal Boulaye Dia
30%
Ligue 1 21 Reims USA Folarin Balogun
30%
Serie A 13 Spezia Angola M'Bala Nzola
10%
La Liga 15 Atletico Madrid France Antoine Greizmann
0%
La Liga 16 Espanyol Spain Joselu
0%
No matching quizzes found
Score Distribution
Percent of People with Each Score
Percentile by Number Answered
Your Score History
You have not taken this quiz